Songs on Fearless (Taylor's Version) - Statistics

General Stats
  • This quiz has been taken 14 times
  • The average score is 22 of 26
Answer Stats
Answer % Correct
Fearless
100%
Fifteen
100%
Hey Stephen
100%
Change
89%
Come In With The Rain
89%
Forever & Always
89%
Forever & Always (Piano Version)
89%
Jump Then Fall
89%
Love Story
89%
Mr. Perfectly Fine
89%
Superstar
89%
The Best Day
89%
The Other Side Of The Door
89%
The Way I Loved You
89%
We Were Happy
89%
White Horse
89%
You All Over Me (feat. Maren Morris)
89%
You Belong With Me
89%
Breathe (feat. Colbie Caillat)
78%
Bye Bye Baby
78%
Don't You
78%
That's When
78%
Untouchable
78%
You're Not Sorry
78%
Today Was A Fairytale
67%
Tell Me Why
56%
No matching quizzes found
Score Distribution
Percent of People with Each Score
Percentile by Number Answered
Your Score History
You have not taken this quiz